书目信息 |
| 题名: |
实用旅游英语
|
|
| 作者: | 姚桂招 , 朱玲 , 廖宝娟 主编 | |
| 分册: | ||
| 出版信息: | 北京 中央民族大学出版社 2018.06 |
|
| 页数: | 181页 | |
| 开本: | 26cm | |
| 丛书名: | ||
| 单 册: | ||
| 中图分类: | F59 | |
| 科图分类: | ||
| 主题词: | 旅游--lu^ you--英语--高等教育--教材 | |
| 电子资源: | ||
| ISBN: | 978-7-5660-1317-0 | |
| 000 | 00960nam0 2200289 450 | |
| 001 | 202019134770 | |
| 005 | 20191007123106.0 | |
| 010 | @a978-7-5660-1317-0@dCNY56.00 | |
| 100 | @a20191002d2018 em y0chiy50 ea | |
| 101 | 0 | @achi@aeng |
| 102 | @aCN@b110000 | |
| 105 | @aa z 000yy | |
| 106 | @ar | |
| 200 | 1 | @a实用旅游英语@Ashi yong lu^ you ying yu@f主编姚桂招, 朱玲, 廖宝娟 |
| 210 | @a北京@c中央民族大学出版社@d2018.06 | |
| 215 | @a181页@c图@d26cm | |
| 312 | @a英文题名取自封面 | |
| 330 | @a本书由旅游及相关知识、旅游技巧、中国著名景点三大模块组成, 内容包括旅游及相关知识、旅游技巧、中国著名景点等。 | |
| 333 | @a全国高等教育“十三五”规划教材 | |
| 510 | 1 | @aEnglish for tourism@zeng |
| 606 | 0 | @a旅游@Alu^ you@x英语@x高等教育@j教材 |
| 690 | @aF59@v5 | |
| 701 | 0 | @a姚桂招@Ayao gui zhao@4主编 |
| 701 | 0 | @a朱玲@Azhu ling@4主编 |
| 701 | 0 | @a廖宝娟@Aliao bao juan@4主编 |
| 801 | 0 | @aCN@c20190905 |
| 905 | @a河南城建学院图书馆@dF59@eY359 | |
| 实用旅游英语/主编姚桂招, 朱玲, 廖宝娟.-北京:中央民族大学出版社,2018.06 |
| 181页:图;26cm |
| 使用对象:全国高等教育“十三五”规划教材 |
| ISBN 978-7-5660-1317-0:CNY56.00 |
| 本书由旅游及相关知识、旅游技巧、中国著名景点三大模块组成, 内容包括旅游及相关知识、旅游技巧、中国著名景点等。 |
| ● |
| 相关链接 |
|
|
|
正题名:实用旅游英语
索取号:F59/Y359
 
预约/预借
| 序号 | 登录号 | 条形码 | 馆藏地/架位号 | 状态 | 备注 |
| 1 | 1442904 | 214429046 | 社科库409/409社科库 38排3列4层/ [索取号:F59/Y359] | 在馆 | |
| 2 | 1442905 | 214429055 | 社科库409/409社科库 38排3列4层/ [索取号:F59/Y359] | 在馆 |